| 000 | 00490nam a2200181 i 4500 | ||
|---|---|---|---|
| 001 | 122151 | ||
| 003 | ES-MaACL | ||
| 005 | 20250717062047.0 | ||
| 007 | t| | ||
| 008 | 070214s1935 fr r ||||1| fre d | ||
| 100 | 1 |
_aPoucel, Victor. _993420 |
|
| 245 | 1 | 0 |
_aMistral / _cVictor Poucel. |
| 260 |
_aAix en Provence : _bFeu, _c1935. |
||
| 300 |
_a215 p. ; _c19 cm. |
||
| 600 | 1 | 4 |
_aMistral, Frédéric, _d1830-1914 _981664 |
| 852 |
_aES-MaACL _jA-4509 |
||
| 999 |
_c122151 _d122151 |
||